Normal view
MARC view
- A. Zee
Entry Personal Name
001 - CONTROL NUMBER
- control field: 14796
003 - CONTROL NUMBER IDENTIFIER
- control field: NUST
005 - DATE AND TIME OF LATEST TRANSACTION
- control field: 20190613081433.0
008 - FIXED-LENGTH DATA ELEMENTS
- fixed length control field: 190613|| aca||aabn | a|a d
040 ## - CATALOGING SOURCE
- Original cataloging agency: NUST
- Transcribing agency: NUST
100 ## - HEADING--PERSONAL NAME
- Personal name: A. Zee
670 ## - SOURCE DATA FOUND
- Source citation: Work cat.: (NUST): A. Zee , Group Theory in a Nutshell for Physicists , 2016
